| 000 | 01006nam a22003257a 4500 | ||
|---|---|---|---|
| 001 | BR8108046 | ||
| 003 | BR-BrBNA | ||
| 005 | 20230928091131.0 | ||
| 007 | ta | ||
| 008 | 230509b bl.||||| |||| 00| 0 por d | ||
| 040 |
_aBR-BrBNA _bpor _cBiblioteca Nacional de Agricultura |
||
| 041 | _a(Por) | ||
| 072 |
_aE30; Q10 _b/G514 |
||
| 090 | _ E30 BR8108046 | ||
| 100 | 1 | _aVital, T.W. | |
| 100 | 1 | _aNascimento, F.L.T. | |
| 100 | 1 | _aOliveira, F.R. | |
| 110 | 1 |
_aFundacao Estadual de Planejamento Agricola do Rio Grande do Norte, Natal (Brasil) _94891 |
|
| 245 | 1 | _aPrograma de armazenagem e conservacao de alimentos ao nivel de produtor rural [Rio Grande do Norte, Brasil] | |
| 260 | 3 |
_aNatal, RN (Brasil): _c1981. |
|
| 300 | _a36 p. | ||
| 500 | _a18 tables | ||
| 650 | _aPRESERVACAO DE ALIMENTO | ||
| 650 | _aPOLITICA AGRICOLA | ||
| 650 | _aARMAZENAMENTO DE ALIMENTO | ||
| 650 | _aPROPRIEDADE RURAL | ||
| 650 | _aRIO GRANDE DO NORTE | ||
| 909 |
_a202309 _bLucia _c55 _dLucia Elande |
||
| 942 | _cBK | ||
| 999 |
_c32396 _d32396 |
||